Management accounting : (Record no. 26611)

MARC details
000 -LEADER
fixed length control field 01307cam a22003015a 4500
001 - CONTROL NUMBER
control field 13274633
005 - DATE AND TIME OF LATEST TRANSACTION
control field 20201128024331.0
008 - FIXED-LENGTH DATA ELEMENTS--GENERAL INFORMATION
fixed length control field 030714t2005 maua frb 001 0 eng d
020 ## - INTERNATIONAL STANDARD BOOK NUMBER
International Standard Book Number 0618213759
020 ## - INTERNATIONAL STANDARD BOOK NUMBER
International Standard Book Number 9780618213757
040 ## - CATALOGING SOURCE
Original cataloging agency DLC
Transcribing agency DLC
Modifying agency DLC
-- EG-ScBUE
Language of cataloging eng
082 04 - DEWEY DECIMAL CLASSIFICATION NUMBER
Edition number 22
Classification number 658.1511
Item number BAR
100 1# - MAIN ENTRY--PERSONAL NAME
Personal name Barsky, Noah P.
245 10 - TITLE STATEMENT
Title Management accounting :
Remainder of title a business planning approach /
Statement of responsibility, etc Noah P. Barsky, Anthony H. Catanach.
260 ## - PUBLICATION, DISTRIBUTION, ETC. (IMPRINT)
Place of publication, distribution, etc Boston :
Name of publisher, distributor, etc Houghton Mifflin Co.,
Date of publication, distribution, etc c.2005.
300 ## - PHYSICAL DESCRIPTION
Extent xxvi, 390 p. :
Other physical details ill. ;
Dimensions 27 cm.
500 ## - GENERAL NOTE
General note "Student website: ... (http://accounting.college.hmco.com/students) features ACE quizzes, flashcards, and additional case information"--Cover p. [4].
504 ## - BIBLIOGRAPHY, ETC. NOTE
Bibliography, etc Includes bibliographical references and index.
650 #7 - SUBJECT ADDED ENTRY--TOPICAL TERM
Topical term or geographic name as entry element Managerial accounting.
Source of heading or term BUEsh
9 (RLIN) 1343
650 #7 - SUBJECT ADDED ENTRY--TOPICAL TERM
Topical term or geographic name as entry element Business planning.
Source of heading or term BUEsh
9 (RLIN) 3321
651 ## - SUBJECT ADDED ENTRY--GEOGRAPHIC NAME
Source of heading or term BUEsh
653 ## - INDEX TERM--UNCONTROLLED
Resource For college BAEPS, Business Administration
Arrived date list April2018
700 1# - ADDED ENTRY--PERSONAL NAME
Personal name Catanach, Anthony H.
856 42 - ELECTRONIC LOCATION AND ACCESS
Materials specified Contributor biographical information
Uniform Resource Identifier <a href="http://www.loc.gov/catdir/enhancements/fy1302/2003109846-b.html">http://www.loc.gov/catdir/enhancements/fy1302/2003109846-b.html</a>
856 42 - ELECTRONIC LOCATION AND ACCESS
Materials specified Publisher description
Uniform Resource Identifier <a href="http://www.loc.gov/catdir/enhancements/fy1302/2003109846-d.html">http://www.loc.gov/catdir/enhancements/fy1302/2003109846-d.html</a>
856 41 - ELECTRONIC LOCATION AND ACCESS
Materials specified Table of contents only
Uniform Resource Identifier <a href="http://www.loc.gov/catdir/enhancements/fy1302/2003109846-t.html">http://www.loc.gov/catdir/enhancements/fy1302/2003109846-t.html</a>
942 ## - ADDED ENTRY ELEMENTS (KOHA)
Source of classification or shelving scheme Dewey Decimal Classification
Holdings
Withdrawn status Item status Source of classification or shelving scheme Damaged status Not for loan Home library Current library Shelving location Date acquired Total Checkouts Full call number Barcode Date last seen Koha item type
    Dewey Decimal Classification     Central Library Central Library First floor 29/04/2018   658.1511 BAR 000047673 15/07/2025 Book - Borrowing